000 007530000a22002410004500
003 LK-CoMWRAF
005 20231113113328.0
008 230817t2001 ||||| |||| 00| 0 eng d
020 _a9559728806
040 _aLK-CoMWRAF
_dLK-CoMWRAF
_eLK-CoMWRAF
041 _aeng
082 _a294.3657
_bWIJ
100 _aWijayaratna, Mohan
245 _aBuddhist Nuns:
_bThe birth and development of women's monastic order
260 _aColombo:
_bWISDOM,
_c2001
300 _axiv, 222 p. ; 22 cm.
_bIndex included
650 _aBUDDHIST NUNS
650 _aBuddhist monasticism-women
650 _aReligious orders-Women
650 _aBuddhist nuns in literature.
856 _uhttps://www.bps.lk/olib/bp/bp605s_Wisjayaratna_Buddhist-Nuns.pdf
942 _cBK
999 _c290
_d290